Statistics for Top Electronics Brands

Click here to take the quiz!

General Stats

  • This quiz has been taken 248 times
  • The average score is 7 of 15

Answer Stats

#Answer% Correct
2Apple
95%
3Samsung
93%
1Sony
71%
6LG
65%
4Microsoft
58%
15Dell
49%
11HP
45%
5Panasonic
44%
8Toshiba
35%
13Acer
33%
9Philips
29%
10Intel
21%
14Yamaha
6%
12Logitech
5%
7Cisco
4%

Score Distribution

Percentile by Number Answered

Percent of People with Each Score

Your Score History

You have not taken this quiz